000 03443nam0a2200445 4500
001 RU\NLR\BIBL_A\011936888
005 20250626153412.0
020 _aRU
_b[5791]
_9Сводный каталог листовок первых лет Советской власти (25 октября (7 ноября) 1917 - 1925). Листовки партийных, советских, военных, профсоюзных, комсомольских и других организаций Украинской ССР, Белорусской ССР, Закавказских и Среднеазиатских Pеспублик
035 _a(NLR Aleph) 011936888
090 _a11069933
_c11069933
100 _a20171207d1920 |||y0rusy50 ca
101 0 _arus
102 _aRU
105 _ay z 000zy
135 _acrcn 024apada
200 1 _aПриказ № 103 Черниговского уездного комиссариата по военным делам. 11 дек. 1920 г., г. Чернигов. По мобилизационному отделу. [О мобилизации плотников, пробойщиков, креповщиков и др. судостроительных рабочих в возрасте от 18 до 50 лет
_eлистовка]
210 _a[Чернигов]
_c1-я Сов. тип.
_d1920, [дек.]
215 _a1 с.
_d22х14
300 _aПодписи: пом. уездвоенкома Легеда; за военрука Томилко; начмоботдела Шихуцкий
325 1 _aКопия доступна в Электронной библиотеке РНБ
517 1 _aПо мобилизационному отделу. [О мобилизации плотников, пробойщиков, креповщиков и др. судостроительных рабочих в возрасте от 18 до 50 лет
517 1 _aО мобилизации плотников, пробойщиков, креповщиков и др. судостроительных рабочих в возрасте от 18 до 50 лет
607 _aУкраина
_jЛистовки
_xПолитика и управление
_z1917 - 1925
_92561805
_3RU\NLR\AUTH\6601727588
686 0 _aТ3(2)71-313,011
686 0 _aТ3(2Ук-4Чр)71-31,011
702 1 _aЛегеда
_cучастник установления советской власти, Черниговский уезд
_4720
702 1 _aТомилко
_cучастник установления советской власти, Черниговский уезд
_4720
702 1 _aШихуцкий
_cучастник установления советской власти, Черниговский уезд
_4720
710 0 2 _aЧерниговский уездный комиссариат по военным делам
_9653861
_3RU\NLR\AUTH\880496991
711 0 2 _aЧерниговский уездный комиссариат по военным делам
_bМобилизационный отдел
_9653864
_3RU\NLR\AUTH\880496992
852 _aNLR
_bФЛ
_j60/125
942 _cBOOK
980 _aNB
981 2 1 _a(21) Листовки
_b(21) Листовки 1920 года